Vyhodnocení Lisabonské strategie: vliv na konkurenceschopnost EU a členských států souhrnná publikace z vědeckopopularizačního semináře pořádaného dne 6. května 2011 v Moravském zemském muzeu v Brně vysokou školou NEWTON College, a. s.

Na minha lista:
Detalhes bibliográficos
Corporate Authors: Vyhodnocení Lisabonské strategie: vliv na konkurenceschopnost EU a členských států. Vědeckopopularizační seminář, NEWTON College
Formato: Livro
Idioma:tcheco
Publicado em: Praha Vzdělávací středisko na podporu demokracie 2011
Assuntos:
Tags: Adicionar Tag
Sem tags, seja o primeiro a adicionar uma tag!

MARC

LEADER 00000nam a2200000 4500
001 0141700
005 20240109073823.4
020 |a 978-80-904281-6-4 
041 0 |a cze 
044 |a CZ 
245 1 0 |a Vyhodnocení Lisabonské strategie: vliv na konkurenceschopnost EU a členských států  |b souhrnná publikace z vědeckopopularizačního semináře pořádaného dne 6. května 2011 v Moravském zemském muzeu v Brně vysokou školou NEWTON College, a. s. 
264 1 |a Praha  |b Vzdělávací středisko na podporu demokracie  |c 2011 
300 |a 161 s. 
610 2 0 |a integrácia ekonomická medzinárodná 
610 2 0 |a dynamika ekonomiky 
610 2 0 |a konkurencia medzinárodná 
610 2 0 |a konkurencieschopnosť 
610 2 0 |a vývoj hospodársky 
610 2 0 |a stratégia hospodárska 
610 2 0 |a dohody medzinárodné 
610 2 0 |a Európa 
610 2 0 |a Európska únia 
110 2 |a Vyhodnocení Lisabonské strategie: vliv na konkurenceschopnost EU a členských států. Vědeckopopularizační seminář 
710 2 |a NEWTON College